Sayings in a Picture III Quiz Stats

 Plays Quiz Updated Jun 21, 2019

Score 0/20 Timer 10:00
5 Plays Today
% Correct
Cold feet
95.5%
Bed of roses
95.2%
Rain check
95%
Water under the bridge
94.9%
Fork in the road
94.4%
Kick the bucket
94%
Fingers crossed
93.8%
Butterflies in the stomach
92.8%
Have ants in one's pants
92.7%
Burn bridges
90.9%
% Correct
Ace in the hole
89.9%
Pull rank
89.7%
Breaking news
89.2%
Knight in shining armor
87.8%
Kill time
87.7%
Two peas in a pod
86.1%
The pen is mightier than the sword
86.1%
On a silver platter
80.5%
A bird in the hand is worth two in the bush
69.4%
Speak of the Devil
69.3%

You're not logged in!

Compare scores with friends on all Sporcle quizzes.
OR
Log In

Sporcle TV

Today on Sporcle TV


Watch our educational content, quiz creation guides, and fun videos on Sporcle TV.

Show Comments

Extras

Top Quizzes Today


Score Distribution

Your Account Isn't Verified!

In order to create a playlist on Sporcle, you need to verify the email address you used during registration. Go to your Sporcle Settings to finish the process.

Report this User

Report this user for behavior that violates our Community Guidelines.

Details: